000 00790cam a22002414a 4500
001 12288092
005 20180829072325.0
008 010124s2001 njuab b 001 0 eng
010 _a 2001021854
020 _a0130899410
040 _aDLC
_cDLC
_dDLC
041 _aeng
042 _apcc
080 _a570
082 0 0 _a570
_221
100 1 _a11
101 _aBIO
245 1 0 _aBiology :
_cTeresa Audesirk, Gerald Audesirk, Bruce E. Byers.
504 _aIncludes bibliographical references.
906 _a7
_bcbc
_corignew
_d1
_eocip
_f20
_gy-gencatlg
942 _2ddc
_cBK
999 _c47409
_d47409